Government Expenditures in the Support of Technological Innovations and Impact on Stock Markets

Saved in:
Bibliographic Details
Main Author: Kotlebová, Jana, 1969-
Other Authors: Árendáš, Peter, 1986-, Chovancová, Božena
Format: Book Chapter
Language:English
Subjects:
Tags: Add Tag
No Tags, Be the first to tag this record!

MARC

LEADER 00000naa$a2200000$$$4500
001 0259652
005 20240502074116.0
041 0 |a eng 
044 |a SK 
245 1 0 |a Government Expenditures in the Support of Technological Innovations and Impact on Stock Markets  |c Jana Kotlebová, Peter Árendáš, Božena Chovancová 
500 |a abstrakt 
610 2 0 |a výdavky 
610 2 0 |a vláda 
610 2 0 |a inovácie technologické 
610 2 0 |a trh akciový 
610 2 0 |a patenty 
100 1 |a Kotlebová, Jana, 1969- 
700 1 |a Árendáš, Peter, 1986- 
700 1 |a Chovancová, Božena